ბათუმის შოთა რუსთაველის სახელმწიფო უნივერსიტეტის ბიბლიოთეკა

ძმები გრაკხუსები / (ბიბ.ჩანაწერი № 56416)

000 -ლიდერი
ფიქსირებული სიგრძის საკონტროლო ველი 01036nam a2200253Ia 4500
001 - საკონტროლო ნომერი
საკონტროლო ველი 23529
003 - საკონტროლო ნომრის იდენტიფიკატორი
საკონტროლო ველი GE_BSU
005 - ბოლო ოპერაციის თარიღი და დრო
საკონტროლო ველი 20260223115822.0
008 - ფიქსირებული სიგრძის მონაცემთა ელემენტები - ზოგადი ინფორმაცია
ფიქსირებული სიგრძის საკონტროლო ველი 181216s1990||||ge |||||||||||||| ||geo||
020 ## - წიგნის საერთაშორისო სტანდარტული ნომერი
International Standard Book Number 5511003379
040 ## - კატალოგიზაციის წყარო
Transcribing agency GE_BSU
041 ## - ენის კოდი
Language code of text/sound track or separate title geo
080 ## - უნივერსალური ათობითი კლასიფიკაციის ინდექსი
Universal Decimal Classification number 94(37)(092) ქ-15
100 ## - მთავარი ჩანაწერი - პიროვნების სახელი
Personal name ქავთარია, გრანი
9 (RLIN) 15333
245 ## - ცნობა სათაურის შესახებ
Title ძმები გრაკხუსები /
Statement of responsibility, etc გრანი ქავთარია ; რედ. : ლ. სანიკიძე ; მხატვ. : ო. ვარვარიძე.
264 ## - წარმოების, გამოცემის, დისტრიბუციის და სხვა ცნობები
გამოცემის, წარმოების, დისტრიბუციის... ადგილი თბილისი :
გამოცემის, წარმოების, დისტრიბუციის... სახელწოდება თბილ. უნ-ტის გამ-ბა,
გამოცემის, წარმოების, დისტრიბუციის... თარიღი 1990.
300 ## - ფიზიკური აღწერა
Extent 268 გვ. ;
Dimensions 20 სმ.
653 ## - INDEX TERM--UNCONTROLLED
Uncontrolled term ძველი რომის ისტორია
653 ## - INDEX TERM--UNCONTROLLED
Uncontrolled term ძმები გრაკხუსები
700 ## - ADDED ENTRY--PERSONAL NAME
Personal name სანიკიძე, ლ.
Relator term რედაქტორი
9 (RLIN) 476
700 ## - ADDED ENTRY--PERSONAL NAME
Personal name ვარვარიძე, ო.
Relator term მხატვარი
9 (RLIN) 26947
942 ## - ADDED ENTRY ELEMENTS (KOHA)
Koha item type წიგნი
Source of classification or shelving scheme
ეგზემპლარები
ჩამოწერის სტატუსი დაკარგული ეგზემპლარის სტატუსი კლასიფიკაციის წყარო ან თაროზე გაწყობის სქემა დაზიანების სტატუსი არ გაიცემა მუდმივი მდებარეობა (დაცვის ადგილი) ამჟამინდელი ადგილსამყოფელი თაროზე განთავსების ადგილი შეძენის თარიღი ღირებულება, შესყიდვის ნორმალური ფასი სრული შენახვის შიფრი შტრიხკოდი ბოლო ოპერაციის თარიღი ეგზემპლარის მიმდევრობითი ნომერი (კეტერი?) ფასის ძალაში შესვლის თარიღი ეგზემპლარის სახეობა საჯარო შენიშვნა
          ბათუმის შოთა რუსთაველის სახელმწიფო უნივერსიტეტის მთავარი ბიბლიოთეკა ბათუმის შოთა რუსთაველის სახელმწიფო უნივერსიტეტის მთავარი ბიბლიოთეკა წიგნსაცავი 2018-12-17 1.00 94(37)(092) ქ-15 28443 2018-12-17 28443 2018-12-17 წიგნი 1.00 ₾.